Lanean...

Samskritha swaadheenam Malayala bhashayil/

Xehetasun bibliografikoak
Egile nagusia: Balakrishnan B C
Formatua: Printed Book
Argitaratua: Nalanda: State Institute of Languages, 1994.
Gaiak:
LEADER 00862nam a22002051a 4500
082 |a M 494.812 24  |b BAL/S 
100 |a Balakrishnan B C  |9 4904 
245 |a Samskritha swaadheenam Malayala bhashayil/  |c by B C Balakrishnan. 
260 |a Nalanda:  |b State Institute of Languages,  |c 1994. 
300 |a 342p. 
500 |a Balakrishan 
650 |a Language Sanskrit  |9 4905 
650 |a Language Malayalam  |9 4906 
650 |a Languages  |9 4907 
650 |a Sanskrit Influence in Malayalam  |9 4908 
942 |c BK 
942 |c BK 
999 |c 40003  |d 40003 
952 |0 0  |1 0  |4 0  |6 M_494_812000000000000_24_BAL_S  |7 0  |9 57937  |a SSUS  |b SSUS  |d 2015-01-08  |g 52.00  |l 1  |o M 494.812 24 BAL/S  |p 014406  |r 2017-09-28  |s 2017-08-18  |v 0.00  |w 2015-01-08  |y BK 
952 |0 0  |1 0  |4 0  |6 M_494_812000000000000_24_BAL_S  |7 0  |9 57938  |a SSUS  |b SSUS  |d 2015-01-08  |g 52.00  |o M 494.812 24 BAL/S  |p 025747  |r 2015-01-08  |v 0.00  |w 2015-01-08  |y BK